| 000 | 00857nam a2200229 4500 | ||
|---|---|---|---|
| 003 | ISO | ||
| 005 | 20260601171016.0 | ||
| 008 | 260508b1973\\\\xxu|||||\||||\00|\0\eng\d | ||
| 040 |
_aici _bspa _cici _erda |
||
| 041 | _aeng | ||
| 050 | _aZ675.U5 E44 | ||
| 100 |
_aEllsworth, Ralph E. _d 1907-2000, _eautor _934081 |
||
| 245 | 1 |
_aAcademic library buildings : |b A guide to architectural issues and solutions / _bA guide to architectural issues and solutions / _cRalph A. Ellsworth |
|
| 264 | 1 |
_aBoulder, colorado : |b Colorado associated university press, _bColorado associated university press, _c1973 |
|
| 300 |
_a530 páginas: _bilustraciones |
||
| 336 |
_2rdacontent _atexto |
||
| 337 |
_2rdamedia _asin medio |
||
| 338 |
_2rdacarrier _avolumen |
||
| 650 |
_aArquitectura de bibliotecas _934082 |
||
| 650 | _aBibliotecas académicas | ||
| 942 |
_2lcc _n1 _cB |
||
| 999 |
_c20725 _d20725 |
||